Allegationes iuris variorum de iurisdictione dezimiis novalibus et tertiis regalibus et de redentione bullarum in similibus causis

Detalles Bibliográficos
Formato: Libro
Lenguaje:Undetermined
Spanish
Publicado: Madrid : s.n., 1617-1645.
Materias:
Colección:Banco de datos
Acervo:Biblioteca Palafoxiana. Colección bibliográfica
Descripción Física:[746] h. ; f°
Tema general:Derecho civil
Notas:Marca de fuego: Colegio de San Juan. Número de localización: 9630 Encuadernado con 36 obras y 2 manuscritos
LEADER 00627nam a2200157Ia 4500
008 150723s9999 xx 000 0 und d
041 0 |a spa 
050 0 |a PAFX K623 A5 
245 1 0 |a Allegationes iuris variorum de iurisdictione dezimiis novalibus et tertiis regalibus et de redentione bullarum in similibus causis 
260 |a Madrid : s.n., 1617-1645. 
300 |a [746] h. ; f° 
500 |a Marca de fuego: Colegio de San Juan. Número de localización: 9630 Encuadernado con 36 obras y 2 manuscritos 
650 1 0 |a Derecho civil 
942 |c PALALIB 
943 |g Biblioteca Palafoxiana. Colección bibliográfica 
999 |c 1067251  |d 1067251